000 00479nam a2200181Ia 4500
008 240925s9999 xx 000 0 und d
020 _a23544813
082 _a540 HIL
100 _aHill ,John W.
245 0 _aGeneral Chemistry
250 _aNA
260 _aNew Jersey:
_bPrintice- Hall Int.
_c,1996.
300 _axxv,756p.
_bNA
_fPhotocopy
500 _aIncludes Index
600 _aHumanities & Natural Science
650 _aChemistry and allied sciences
942 _cBK
999 _c9010
_d9010